Vở bài tập tự nhiên và xã hội 3

Guardat en:
Dades bibliogràfiques
Autor principal: Bùi, Phương Nga
Altres autors: Nguyễn, Tuyết Nga
Format: Llibre
Idioma:Undetermined
Publicat: H. Giáo dục 2004
Matèries:
Accés en línia:http://lrc.tdmu.edu.vn/opac/search/detail.asp?aID=2&ID=4523
Etiquetes: Afegir etiqueta
Sense etiquetes, Sigues el primer a etiquetar aquest registre!
Thư viện lưu trữ: Trung tâm Học liệu Trường Đại học Thủ Dầu Một
LEADER 00642nam a2200205Ia 4500
001 TDMU_4523
008 210410s9999 xx 000 0 und d
082 |a 372.35076 
090 |b B510 
100 |a Bùi, Phương Nga 
245 0 |a Vở bài tập tự nhiên và xã hội 3 
245 0 |c Bùi Phương Nga 
260 |a H. 
260 |b Giáo dục 
260 |c 2004 
300 |a 96tr 
650 |a Sách lớp 3  |v Bài tập 
700 |a Nguyễn, Tuyết Nga 
856 |u http://lrc.tdmu.edu.vn/opac/search/detail.asp?aID=2&ID=4523 
980 |a Trung tâm Học liệu Trường Đại học Thủ Dầu Một